où épisser (répondre dans l'odre des numéros) - Statistiques

Statistiques générales
  • Ce quiz a été pris 6 fois
  • Le résultat moyen est 5 sur 8
Statistiques - réponses
Par images Réponse % Correct
exon
100%
intron
100%
afénine qui initie l'épissage
50%
début de l'intron
50%
fin de l'intron
50%
intron enlevé
50%
séquence riche en pyrimidines
50%
portion de l'ARNm
0%
Aucun quiz correspondant
Distribution des résultats
% des personnes avec chaque résultat
Percentile par nombre de réponses
Votre historique - résultats
Vous n’avez pas pris ce quiz